000 00636nam a22001817a 4500
005 20251108164354.0
008 250721s1994 xx 000 0 ara d
082 1 4 _a370.95694/قاض
100 1 _aالقاضي، وائل أمين
245 1 0 _aالتربية في إسرائيل :
_bدراسة في البنية التربوية للشخصية الإسرائيلية /
264 1 _aنابلس :
_bمركز البحوث و الدراسات التربوية،
_c1994.
300 _a304ص
490 0 _aدراسات تربوية ؛ 1
650 1 7 _aالتربية
650 1 7 _aإسرائيل
942 _2ddc
_cBK
999 _c10558
_d10558